100 joueurs argentins avec la plus grosse valeur marchande - Statistiques

Statistiques générales
  • Ce quiz a été pris 108 fois
  • Le résultat moyen est 25 sur 100
Statistiques - réponses
Club Prix Réponse % Correct
Inter Miami 35 millions Lionel Messi
98%
Aston Villa 28 millions Emiliano Martinez
96%
Inter Milan 85 millions Lautaro Martinez
96%
Manchester United 50 millions Lisandro Martinez
96%
River Plate 7 millions Pity Martinez
96%
Chelsea 80 millions Enzo Fernandez
94%
Boca Juniors 5,5 millions Ezequiel Fernandez
90%
Manchester City 60 millions Julian Alvarez
87%
Liverpool 65 millions Alexis Mac Allister
83%
AS Rome 30 millions Paulo Dybala
81%
Tottenham 60 millions Cristian Romero
78%
Atletico Madrid 40 millions Rodrigo De Paul
72%
Atletico Madrid 35 millions Nahuel Molina
63%
Atletico Madrid 30 millions Angel Correa
60%
SL Benfica 8 millions Angel Di Maria
60%
Olympique de Marseille 12 millions Joaquin Correa
60%
Olympique Lyonnais 9 millions Nicolas Tagliafico
57%
AS Rome 12 millions Leandro Paredes
54%
Boca Juniors 5 millions Cristian Medina
52%
RC Lens 22 millions Facundo Medina
52%
Manchester United 25 millions Alejandro Garnacho
51%
Fiorentina 30 millions Nicolas Gonzalez
47%
Nottingham Forest 12 millions Gonzalo Montiel
46%
Galatasaray 19 millions Mauro Icardi
46%
Tottenham 14 millions Giovani Lo Celso
44%
Seville FC 10 millions Marcos Acuna
43%
Bayer Leverkusen 22 millions Exequiel Palacios
41%
Aston Villa 28 millions Emiliano Buendia
39%
Betis Seville 28 millions Guido Rodriguez
38%
Olympique de Marseille 10 millions Leonardo Balerdi
38%
Seville FC 12 millions Lucas Ocampos
34%
Atlanta United 20 millions Thiago Almada
32%
Betis Seville 5 millions German Pezzella
28%
Naples 15 millions Giovanni Simeone
28%
Seville 9 millions Erik Lamela
27%
Vilarreal 25 millions Juan Foyth
27%
Ajax Amsterdam 10 millions Geronimo Rulli
22%
Nottingham Forest 17 millions Nicolas Dominguez
22%
PSV Eindhoven 12 millions Walter Benitez
22%
Bournemouth 22 millions Marcos Senesi
21%
Palmeiras 7 millions Jose Manuel Lopez
20%
Southampton 15 millions Carlos Alcaraz
19%
Udinese 10 millions Nehuen Perez
18%
Brighton 12 millions Facundo Buonanotte
17%
Fiorentina 10 millions Lucas Martinez Quarta
17%
Osasuna 9 millions Chimy Avila
12%
Atalanta 8 millions Juan Musso
12%
Austin FC 15 millions Sebastian Driussi
12%
Lazio Rome 15 millions Taty Castellanos
12%
Fiorentina 12 millions Lucas Beltran
11%
River Plate 8,5 millions Esequiel Barco
10%
UD Las Palmas 10 millions Maximo Perrone
9%
Udinese 6 millions Roberto Pereyra
8%
Tottenham 7 millions Alejo Veliz
7%
Racing Club 8 millions Anibal Moreno
7%
FC Granada 10 millions Lucas Boyé
7%
Coritiba 5 millions Marcelino Moreno
7%
Atletico Mineiro 12 millions Matias Zaracho
7%
RB Salzbourg 8 millions Nicolas Capaldo
7%
FC Porto 9 millions Alan Varela
6%
Cadiz CF 8 millions Conan Ledesma
6%
Almeria 7 millions Lucas Robertone
6%
Inter Miami 5 millions Facundo Farias
4%
River Plate 6 millions Manuel Lanzini
4%
River Plate 7 millions Pablo Solari
4%
Monza 5 millions Valentin Carboni
4%
Corinthians 8 millions Fausto Vera
3%
Defensa y Justicia 5,5 millions Kevin Gutierrez
3%
Orlando City 6,5 millions Martin Ojeda
3%
Atlanta United 5 millions Santiago Sosa
3%
Flamengo 6 millions Agustin Rossi
2%
FC Dallas 8 millions Alan Velasco
2%
Minnesota United 7,5 millions Emanuel Reynoso
2%
SC Internacional 6,5 millions Fabricio Bustos
2%
Gremio 7 millions Franco Cristaldo
2%
Sao Paulo 8 millions Giuliano Galoppo
2%
Racing Club 6 millions Juan Ignacio Nardoni
2%
CA Monterrey 5 millions Maximiliano Meza
2%
San Lorenzo 5 millions Nahuel Barrios
2%
Tigres 7 millions Nicolas Ibanez
2%
Al-Wahda 6 millions Cristian Guanca
1%
Charlotte FC 6 millions Enzo Copetti
1%
Seville FC 5,5 millions Federico Gattoni
1%
Sao Paulo 4,5 millions Jonathan Calleri
1%
Boca Juniors 6 millions Luca Langoni
1%
CA Talleres 7 millions Rodrigo Villagra
1%
Olympiakos 8 millions Santiago Hezze
1%
Boca Juniors 5,5 millions Exequiel Zeballos
0%
CF Monterrey 5,5 millions German Berterame
0%
Velez Sarsfield 5 millions Gianluca Prestianni
0%
Santos Laguna 5,5 millions Juan Barnetta
0%
UNAM Pumas 4,5 millions Juan Dinenno
0%
Philadelphia Union 5 millions Julian Carranza
0%
Vasco da Gama 5 millions Luca Orellano
0%
Shanghai SIPG 5 millions Matias Vargas
0%
CA Lanus 5 millions Pedro de la Vega
0%
CA Talleres 5,5 millions Rodrigo Garro
0%
Estudiantes 5,5 millions Santiago Ascacibar
0%
Toluca 5 millions Tomas Belmonte
0%
New England Revolution 5 millions Tomas Chancalay
0%
Aucun quiz correspondant
Distribution des résultats
% des personnes avec chaque résultat
Percentile par nombre de réponses
Votre historique - résultats
Vous n’avez pas pris ce quiz